جستہ جستہ / (Record no. 94393)
[ view plain ]
| 000 -LEADER | |
|---|---|
| fixed length control field | 00753 a2200229 4500 |
| 005 - DATE AND TIME OF LATEST TRANSACTION | |
| control field | 20150619104458.0 |
| 008 - FIXED-LENGTH DATA ELEMENTS--GENERAL INFORMATION | |
| fixed length control field | 081010t xxu||||| |||| 00| 0 ur d |
| 010 ## - LCCN (DPL NO) | |
| LC control number | UR-7648 |
| 020 ## - INTERNATIONAL STANDARD BOOK NUMBER | |
| Terms of availability | 195.00 |
| 035 ## - SYSTEM CONTROL NUMBER | |
| System control number | U-6203 |
| 037 ## - SOURCE OF ACQUISITION | |
| Source of stock number/acquisition | D.B.Act / Pub |
| 082 ## - DEWEY DECIMAL CLASSIFICATION NUMBER | |
| Classification number | 841 |
| 100 ## - MAIN ENTRY--PERSONAL NAME | |
| Personal name | محمّد سمیع اللہ |
| 9 (RLIN) | 9444 |
| 245 ## - TITLE STATEMENT | |
| Title | جستہ جستہ / |
| Statement of responsibility, etc | محمّد سمیع اللہ |
| 246 ## - VARYING FORM OF TITLE | |
| Title proper/short title | Jasta Jasta / |
| Remainder of title | by Md. Samiullah Asad |
| 260 ## - PUBLICATION, DISTRIBUTION, ETC. (IMPRINT) | |
| Place of publication, distribution, etc | کولکاتا |
| Name of publisher, distributor, etc | عرفان پبلیکیشنز |
| Date of publication, distribution, etc | 2004 |
| 270 ## - ADDRESS | |
| Address | BB-27/2, Salt Lake City, |
| City | Kolkata |
| Postal code | 700064 |
| Telephone number | 2334-5298 |
| Electronic mail address | profasad@hotmail.com |
| 300 ## - PHYSICAL DESCRIPTION | |
| Extent | 118 س |
| Dimensions | 22 س م (Hb) |
| 650 ## - SUBJECT ADDED ENTRY--TOPICAL TERM | |
| Topical term or geographic name as entry element | شا عری |
| 9 (RLIN) | 9445 |
| 650 ## - SUBJECT ADDED ENTRY--TOPICAL TERM | |
| Topical term or geographic name as entry element | Poetry |
| 9 (RLIN) | 9446 |
| 942 ## - ADDED ENTRY ELEMENTS (KOHA) | |
| Institution code [OBSOLETE] | dpl |
| Item type | Urdu Bks |
| Source of classification or shelving scheme | Dewey Decimal Classification |
| Classification part | 841 |
| Call number suffix | م ح م |
No items available.
